000 00347nam a2200121Ia 4500
005 20251222144759.0
008 251222s9999||||xx |||||||||||||| ||spa||
082 _a323.85/Z45
100 _aZauzich, María-Christine
245 0 _aPerú: Política de Población y Derechos Humanos.
264 _bComisión Alemana de Justicia y Paz
942 _cLIB
999 _c19641
_d19641